00641nam a22001457a 4500999001500000003000400015008004100019100001800060245003000078260004200108650002200150942001200172952015600184952015500340 c9197d9197OSt201119b ||||| |||| 00| 0 eng d aDhawan, S. N. aOrganic Chemistry Vol-III aNew DelhibPradeep Publicationsc2019 aB.Sc Non Medical  2ddccBK 00102ddc40708BSCNMaPIETNCRbPIETNCRd2020-11-19eKirti PrakashanfIN Rupees g463.00kIN397l0pN410r2020-11-19 00:00:00v393.55w2020-08-31yREF 00102ddc40708BSCNMaPIETNCRbPIETNCRd2020-11-19eKirti PrakashanfIN Rupees g463.00kIN397l0pN411r2020-11-19 00:00:00v393.55w2020-08-31yBK